[Event "Rhone op"]
[Site "Marcy Etoile"]
[Date "2007.04.01"]
[Round "1"]
[White "Delhom, S."]
[Black "Meinsohn, Pierre"]
[Result "0-1"]
[WhiteElo "1797"]
[BlackElo "2261"]
[PlyCount "46"]
[EventDate "2007.04.01"]
[EventType "swiss"]
[EventRounds "9"]
[EventCountry "FRA"]
[SourceTitle "CBM 117 Extra"]
[Source "ChessBase"]
[SourceDate "2007.05.09"]
[SourceVersion "1"]
[SourceVersionDate "2007.05.09"]
[SourceQuality "1"]

1. Nf3 Nf6 2. g3 c5 3. Bg2 Nc6 4. d3 d5 5. 0-0 g6 6. Nbd2 Bg7 7. e4 0-0 8. c3 dxe4 9. dxe4 h6 10. Qc2 Be6 11. Rd1 Qb6 12. Nf1 Rfd8 13. Be3 Ng4 14. a3 Rxd1 15. Qxd1 Nxe3 16. Nxe3 Qxb2 17. Rb1 Qxc3 18. Rxb7 Rd8 19. Qa4 Qc1+ 20. Bf1 Nd4 21. Nxd4 Bxd4 22. Nd5 Bxd5 23. exd5 Qd2 0-1